000 00355nam a2200133Ia 4500
008 150202s9999 xx 000 0 und d
020 _a6166598
050 _aFIC
_bFIC
100 _aAmbler, Eric.
245 2 _aA kind of danger /
_cEric Ambler.
260 _aGreat Britain :
_b Bodley Head,
_c1964.
300 _a221 pages :
_c18 cm.
650 _aFiction.
999 _c281817
_d281817